Substitution of aromatic processing oils in rubber compounds (Record no. 69899)

MARC details
000 -LEADER
fixed length control field 00514nam a2200193Ia 4500
100 ## - MAIN ENTRY--AUTHOR NAME
Personal name Oter M
245 #0 - TITLE STATEMENT
Title Substitution of aromatic processing oils in rubber compounds
260 ## - PUBLICATION, DISTRIBUTION, ETC. (IMPRINT)
Name of publisher Kautschuk Gummi Kunststoffe
Year of publication 2011
300 ## - PHYSICAL DESCRIPTION
Number of Pages 48-51
650 ## - SUBJECT ADDED ENTRY--TOPICAL TERM
Topical Term Aromatic oil
650 ## - SUBJECT ADDED ENTRY--TOPICAL TERM
Topical Term Eco-friendly oils
650 ## - SUBJECT ADDED ENTRY--TOPICAL TERM
Topical Term Mechanical properties
650 ## - SUBJECT ADDED ENTRY--TOPICAL TERM
Topical Term Rubber compounds
650 ## - SUBJECT ADDED ENTRY--TOPICAL TERM
Topical Term Vulcanization
700 ## - ADDED ENTRY--PERSONAL NAME
Personal name Deniz V
700 ## - ADDED ENTRY--PERSONAL NAME
Personal name Karaagac B
942 ## - ADDED ENTRY ELEMENTS (KOHA)
Koha item type Journals
Holdings
Withdrawn status Lost status Damaged status Not for loan Home library Current library Shelving location Date acquired Serial Enumeration / chronology Koha item type
      Journals RRII Library RRII Library Rubber technology 30/09/2011 Volume 64, Issue 9 Journals